[Event "Olympiad-43"]
[Site "Batumi"]
[Date "2018.10.01"]
[Round "7.53"]
[White "Abrantes, Persson"]
[Black "Kawuma, Patrick"]
[Result "0-1"]
[WhiteElo "2055"]
[BlackElo "2329"]
[PlyCount "124"]
[EventDate "2018.09.24"]
[EventType "team-swiss"]
[EventRounds "11"]
[EventCountry "GEO"]
[SourceTitle "CBM 187"]
[Source "ChessBase"]
[SourceDate "2018.12.11"]
[SourceVersion "1"]
[SourceVersionDate "2018.12.11"]
[SourceQuality "1"]
[WhiteTeam "Mozambique"]
[BlackTeam "Uganda"]
[WhiteTeamCountry "MOZ"]
[BlackTeamCountry "UGA"]

1. f4 Nf6 2. Nf3 g6 3. Nc3 Bg7 4. e4 d6 5. g3 0-0 6. Bg2 c5 7. 0-0 Nc6 8. h3 Rb8 9. d3 b5 10. Be3 Bd7 11. g4 Ne8 12. f5 Nd4 13. Nh2 e6 14. fxg6 hxg6 15. Qd2 b4 16. Nd1 Nc7 17. c3 bxc3 18. bxc3 Nc6 19. Bh6 e5 20. g5 Bxh6 21. gxh6 Qh4 22. Rf3 Kh7 23. Ne3 f5 24. exf5 gxf5 25. Raf1 Qxh6 26. Qc2 Ne7 27. d4 Kh8 28. dxe5 dxe5 29. c4 e4 30. Rf4 Ne6 31. Nxf5 Rxf5 32. Ng4 Qxf4 33. Rxf4 Rxf4 34. Ne5 Be8 35. Bxe4 Rb6 36. Qg2 Nd4 37. Bd3 Rbf6 38. Qg5 Ne6 39. Qg2 Rf8 40. Qb7 Rg8+ 41. Kh1 Rh4 42. Kh2 Nf4 43. Bf1 Neg6 44. Nf3 Rh7 45. Qb2+ Rhg7 46. Qf6 Rf8 47. Qd6 Nxh3 48. Bg2 Nhf4 49. Ne5 Rf5 50. Ng4 Ne5 51. Ne3 Rh5+ 52. Kg1 Nxg2 53. Qf8+ Rg8 54. Qf6+ Kh7 55. Qe7+ Nf7 56. Qe4+ Rg6 57. Ng4 Bc6 58. Nf6+ Kh6 59. Qxc6 Nh4+ 60. Kf2 Rf5+ 61. Ke2 Rgxf6 62. Kd2 Rxc6 0-1

[Event "Olympiad-43"]
[Site "Batumi"]
[Date "2018.09.26"]
[Round "3.43"]
[White "Abrantes, Persson"]
[Black "Astaneh Lopez, Alex"]
[Result "1/2-1/2"]
[WhiteElo "2055"]
[BlackElo "2433"]
[PlyCount "98"]
[EventDate "2018.09.24"]
[EventType "team-swiss"]
[EventRounds "11"]
[EventCountry "GEO"]
[SourceTitle "CBM 187"]
[Source "ChessBase"]
[SourceDate "2018.12.11"]
[SourceVersion "1"]
[SourceVersionDate "2018.12.11"]
[SourceQuality "1"]
[WhiteTeam "Mozambique"]
[BlackTeam "Ireland"]
[WhiteTeamCountry "MOZ"]
[BlackTeamCountry "IRL"]

1. Nf3 Nf6 2. g3 g6 3. Bg2 Bg7 4. d3 d5 5. 0-0 0-0 6. h3 Re8 7. Bg5 h6 8. Bd2 e5 9. Qc1 Kh7 10. c4 e4 11. dxe4 dxe4 12. Nh2 Bd7 13. Nc3 Qc8 14. g4 Bc6 15. g5 hxg5 16. Bxg5 Qe6 17. Qf4 Nh5 18. Qh4 Nd7 19. Nd5 Bxd5 20. cxd5 Qxd5 21. Rad1 Qf5 22. Ng4 Nf8 23. Be7 Kg8 24. Rd4 Nf4 25. Rc4 Nxg2 26. Kxg2 Ne6 27. f4 Rxe7 28. Qxe7 b5 29. Rcc1 e3 30. Kg3 Bf8 31. Qf6 Qxf6 32. Nxf6+ Kg7 33. Nd5 Bd6 34. Nxe3 Re8 35. Nd5 Nd4 36. Nxc7 Rxe2 37. Rf2 Re4 38. Kg2 Bxf4 39. Rc3 Be3 40. Rf1 Re5 41. Rd3 Nf5 42. Re1 Rc5 43. Ne8+ Kf8 44. Rdxe3 Nxe3+ 45. Rxe3 Rc2+ 46. Kf3 Rxb2 47. a3 b4 48. axb4 Rxb4 49. Nd6 Rb6 1/2-1/2

[Event "Matola zt 4.3"]
[Site "Matola"]
[Date "2018.04.10"]
[Round "4.12"]
[White "Abrantes, Persson"]
[Black "Botao, Milton"]
[Result "1-0"]
[WhiteElo "2072"]
[BlackElo "1921"]
[PlyCount "60"]
[EventDate "2018.04.08"]
[EventType "swiss"]
[EventRounds "9"]
[EventCountry "MOZ"]
[SourceTitle "EXT 2024"]
[Source "ChessBase"]
[SourceDate "2023.10.10"]
[SourceVersion "1"]
[SourceVersionDate "2023.10.10"]
[SourceQuality "1"]

1. d4 Nf6 2. c4 e6 3. Nc3 d5 4. e3 c5 5. Nf3 Nc6 6. a3 cxd4 7. exd4 dxc4 8. Bxc4 a6 9. 0-0 b5 10. Ba2 Be7 11. Bg5 0-0 12. Rc1 Bb7 13. Bb1 b4 14. Ne2 bxa3 15. bxa3 Na5 16. Ne5 Qd6 17. Rc3 Nc6 18. Bxf6 Bxf6 19. Nxc6 Bxc6 20. Qc2 Rfc8 21. Rc1 Bb7 22. Qxh7+ Kf8 23. Rxc8+ Bxc8 24. Qh8+ Ke7 25. Rxc8 Rxc8 26. Qxc8 Qxa3 27. Qc5+ Qxc5 28. dxc5 a5 29. Bc2 e5 30. Nc3 Bg5 1-0

[Event "South African op"]
[Site "Durban"]
[Date "2017.07.20"]
[Round "9"]
[White "Skosana, Stephen K"]
[Black "Abrantes, Persson"]
[Result "0-1"]
[WhiteElo "2027"]
[BlackElo "2003"]
[PlyCount "90"]
[EventDate "2017.07.14"]
[EventType "swiss"]
[EventRounds "11"]
[EventCountry "RSA"]
[SourceTitle "CBM 179 Extra"]
[Source "ChessBase"]
[SourceDate "2017.08.23"]
[SourceVersion "1"]
[SourceVersionDate "2017.08.23"]
[SourceQuality "1"]

1. d4 Nf6 2. Bg5 g6 3. Nc3 Bg7 4. Qd2 h5 5. e4 d6 6. Bd3 Nc6 7. d5 Ne5 8. Be2 c6 9. Nf3 Nxf3+ 10. Bxf3 Qb6 11. Rb1 Ng4 12. 0-0 f6 13. Bxg4 hxg4 14. Be3 Qc7 15. dxc6 bxc6 16. f4 Qa5 17. b4 Qh5 18. g3 f5 19. Rf2 Bb7 20. Bd4 e5 21. fxe5 dxe5 22. Bc5 Rd8 23. Qe1 f4 24. Rg2 f3 25. Rd2 Kf7 26. Rbd1 Bc8 27. Bxa7 Bh6 28. Rf2 Be6 29. Bc5 Ra8 30. a4 Bf4 31. Rfd2 Bxd2 32. Rxd2 Rad8 33. Rf2 Bc4 34. h4 g5 35. Rh2 gxh4 36. Rxh4 Qg5 37. Be3 Qg6 38. Kh2 Rdg8 39. Bf2 Qf6 40. Nd1 Be2 41. Ne3 Rxh4+ 42. gxh4 Qf4+ 43. Kh1 g3 44. Nf5 gxf2 45. Qxf2 Qc1+ 0-1

[Event "Livingstone FIDE zt 4.3"]
[Site "Livingstone"]
[Date "2017.06.11"]
[Round "3"]
[White "Bezuidenhout, Roland Reinhold"]
[Black "Abrantes, Persson"]
[Result "1-0"]
[WhiteElo "2076"]
[BlackElo "2010"]
[PlyCount "117"]
[EventDate "2017.06.10"]
[EventType "swiss"]
[EventRounds "9"]
[EventCountry "ZAM"]
[SourceTitle "EXT 2020"]
[Source "ChessBase"]
[SourceDate "2019.10.17"]
[SourceVersion "1"]
[SourceVersionDate "2019.10.17"]
[SourceQuality "1"]

1. e4 d5 2. exd5 Qxd5 3. Nc3 Qd6 4. d4 c6 5. Nf3 Bg4 6. Bc4 Nf6 7. Be3 e6 8. Qd2 Bxf3 9. gxf3 Qb4 10. Bb3 Nbd7 11. Ne4 Qxd2+ 12. Kxd2 Nd5 13. c4 N5b6 14. Ke2 f5 15. Ng5 Ke7 16. f4 Kf6 17. Bd2 a5 18. a3 a4 19. Ba2 h6 20. Nf3 c5 21. d5 exd5 22. cxd5 Re8+ 23. Kf1 Bd6 24. Rg1 Rhg8 25. Re1 Rxe1+ 26. Kxe1 Re8+ 27. Kd1 g6 28. Re1 Rxe1+ 29. Kxe1 c4 30. Bc3+ Ke7 31. Nh4 Kf7 32. Ng2 Nc5 33. Bd4 Nd3+ 34. Kd2 Nxf4 35. Bxb6 Nxg2 36. Bxc4 Ke7 37. h3 Nf4 38. h4 Ng2 39. Bb5 Nxh4 40. Bxa4 Ng2 41. Bd1 Nh4 42. b4 g5 43. Bc5 g4 44. a4 h5 45. Ke1 f4 46. a5 Ng6 47. Bc2 Ne5 48. Bf5 f3 49. Kf1 Nd7 50. Bxd6+ Kxd6 51. Bxd7 Kxd7 52. b5 h4 53. Kg1 g3 54. fxg3 hxg3 55. a6 bxa6 56. bxa6 Kc7 57. a7 Kb7 58. d6 Kxa7 59. d7 1-0

[Event "Africa zt 4.3 op"]
[Site "Blantyre"]
[Date "2015.04.18"]
[Round "1.2"]
[White "Abrantes, Persson"]
[Black "Makoto, Rodwell"]
[Result "0-1"]
[WhiteElo "2031"]
[BlackElo "2367"]
[PlyCount "97"]
[EventDate "2015.04.18"]
[EventType "swiss"]
[EventRounds "9"]
[EventCountry "MWI"]
[SourceTitle "EXT 2024"]
[Source "ChessBase"]
[SourceDate "2023.10.10"]
[SourceVersion "1"]
[SourceVersionDate "2023.10.10"]
[SourceQuality "1"]

1. d4 Nf6 2. c4 g6 3. Nf3 Bg7 4. Nc3 d5 5. cxd5 Nxd5 6. e4 Nxc3 7. bxc3 c5 8. Be2 0-0 9. 0-0 Qa5 10. Qb3 Nc6 11. Rd1 Bg4 12. Qxb7 Rfc8 13. Qa6 Qb6 14. Be3 cxd4 15. Qxb6 axb6 16. cxd4 Nb4 17. Bg5 Nxa2 18. Bf1 Nc3 19. Rxa8 Rxa8 20. Rd3 Nxe4 21. Bxe7 Bf8 22. Bxf8 Kxf8 23. Ne5 Bc8 24. f3 Nd6 25. Rc3 Rb8 26. Rc7 b5 27. Rc6 Ke7 28. Rc5 Rb7 29. Nc6+ Kf6 30. Nb4 Bd7 31. g4 Ra7 32. h4 Ke7 33. Nd5+ Kd8 34. Rc1 Ra4 35. Rb1 Rxd4 36. Nf6 Bc6 37. Nxh7 Bxf3 38. Bxb5 Bxg4 39. Ng5 f6 40. Nh7 Bf5 41. Rb2 Ke7 42. Bc6 Rg4+ 43. Kf1 Rxh4 44. Ra2 Nc8 45. Nxf6 Kxf6 46. Bf3 Nd6 47. Ra8 g5 48. Kf2 g4 49. Bg2 0-1

[Event "Africa-ch"]
[Site "Windhoek"]
[Date "2014.12.15"]
[Round "3"]
[White "Cawdery, Daniel"]
[Black "Abrantes, Persson"]
[Result "1-0"]
[WhiteElo "2430"]
[BlackElo "1972"]
[PlyCount "84"]
[EventDate "2014.12.13"]
[EventType "swiss"]
[EventRounds "9"]
[EventCountry "NAM"]
[SourceTitle "CBM 164 Extra"]
[Source "ChessBase"]
[SourceDate "2015.03.02"]
[SourceVersion "1"]
[SourceVersionDate "2015.03.02"]
[SourceQuality "1"]

1. e4 c5 2. Nf3 d6 3. d4 cxd4 4. Nxd4 Nf6 5. Nc3 g6 6. Be3 Bg7 7. f3 0-0 8. Qd2 Nc6 9. 0-0-0 d5 10. Kb1 e5 11. Nxc6 bxc6 12. exd5 Nxd5 13. Nxd5 cxd5 14. Qxd5 Qc7 15. Qxa8 Bf5 16. Qd5 Qxc2+ 17. Ka1 e4 18. Qb3 Bxb2+ 19. Qxb2 Qxd1+ 20. Qc1 Qa4 21. Be2 Rc8 22. Qd2 exf3 23. Bxf3 Be6 24. Rb1 h5 25. Rb2 Qa3 26. Be4 Qe7 27. Bb1 Kh7 28. Qa5 Qf6 29. Qxh5+ Kg8 30. Qg5 Qc3 31. Bd2 Qd4 32. Qf4 Qg7 33. Be3 Rc4 34. Qb8+ Kh7 35. Qxa7 Qe5 36. Qb6 Bd5 37. g3 Rc1 38. h4 Qc3 39. h5 Kg7 40. hxg6 fxg6 41. Qc5 Qxc5 42. Bxc5 Rxc5 1-0

[Event "Olympiad-41"]
[Site "Tromsoe"]
[Date "2014.08.06"]
[Round "5.4"]
[White "Gengler, Pierre"]
[Black "Abrantes, Persson"]
[Result "1-0"]
[WhiteElo "2173"]
[BlackElo "1986"]
[PlyCount "127"]
[EventDate "2014.08.02"]
[EventType "team-swiss"]
[EventRounds "11"]
[EventCountry "NOR"]
[SourceTitle "CBM 162"]
[Source "ChessBase"]
[SourceDate "2014.09.17"]
[SourceVersion "1"]
[SourceVersionDate "2014.09.17"]
[SourceQuality "1"]
[WhiteTeam "Luxembourg"]
[BlackTeam "Mozambique"]
[WhiteTeamCountry "LUX"]
[BlackTeamCountry "MOZ"]

1. e4 e5 2. Nf3 Nc6 3. Bc4 Bc5 4. c3 Nf6 5. d3 h6 6. Nbd2 d6 7. Nf1 a6 8. Bb3 Bg4 9. h3 Bh5 10. Ng3 Bg6 11. 0-0 Ba7 12. Nh4 Ne7 13. Nxg6 Nxg6 14. Nf5 Kf8 15. Qf3 c6 16. h4 d5 17. h5 Nf4 18. Bxf4 exf4 19. e5 Nxh5 20. Qxh5 g6 21. Qf3 gxf5 22. Qxf4 Qg5 23. Qb4+ Qe7 24. Qf4 Qe6 25. d4 Rg8 26. Bc2 Rg5 27. g3 Ke7 28. Kg2 Rag8 29. Rh1 h5 30. Rh3 Qg6 31. Rah1 Ke6 32. Bd1 Rh8 33. Qe3 Bb6 34. f4 Rg4 35. Bxg4 fxg4 36. R3h2 Qc2+ 37. Kf1 Qb1+ 38. Qe1 Qd3+ 39. Kg1 Qf5 40. Qd2 Qb1+ 41. Kf2 Qf5 42. Ke1 Qe4+ 43. Qe2 Qb1+ 44. Qd1 Qe4+ 45. Kd2 c5 46. Qb3 Ba5 47. Qxb7 Qxd4+ 48. Kc2 Qe4+ 49. Kc1 Qe3+ 50. Rd2 Qf3 51. Qxa6+ Kd7 52. Rhd1 d4 53. Qxa5 Rc8 54. Qb5+ Kd8 55. Rxd4+ cxd4 56. Rxd4+ Ke7 57. Qd7+ Kf8 58. Qxc8+ Kg7 59. Qf5 Qe3+ 60. Kc2 Qxg3 61. e6 Qg2+ 62. Rd2 Qb7 63. exf7 Qe7 64. f8B+ 1-0

[Event "Olympiad-41"]
[Site "Tromsoe"]
[Date "2014.08.02"]
[Round "1.4"]
[White "Abrantes, Persson"]
[Black "Ipatov, Alexander"]
[Result "0-1"]
[WhiteElo "1986"]
[BlackElo "2614"]
[PlyCount "133"]
[EventDate "2014.08.02"]
[EventType "team-swiss"]
[EventRounds "11"]
[EventCountry "NOR"]
[SourceTitle "CBM 162"]
[Source "ChessBase"]
[SourceDate "2014.09.17"]
[SourceVersion "1"]
[SourceVersionDate "2014.09.17"]
[SourceQuality "1"]
[WhiteTeam "Mozambique"]
[BlackTeam "Turkey"]
[WhiteTeamCountry "MOZ"]
[BlackTeamCountry "TUR"]

1. e4 g6 2. Nc3 Bg7 3. g3 d6 4. Bg2 Nc6 5. d3 h5 6. h3 e5 7. Be3 h4 8. g4 Bh6 9. Qd2 Bxe3 10. fxe3 f5 11. exf5 gxf5 12. Bxc6+ bxc6 13. Qg2 fxg4 14. Qxc6+ Bd7 15. Qe4 Ne7 16. d4 g3 17. 0-0-0 Bc6 18. d5 Bd7 19. Rf1 Qc8 20. Rf6 Bf5 21. Qc4 Ng8 22. Re6+ Bxe6 23. dxe6 Qb7 24. Qa4+ c6 25. Nf3 0-0-0 26. Nxh4 Ne7 27. Ng2 d5 28. h4 Rdf8 29. Qa3 Rf2 30. Rg1 Rhf8 31. Nd1 R2f6 32. e4 Rxe6 33. Qxg3 Rg6 34. Qxe5 Qc7 35. Qc3 Qh2 36. Qc5 Rf7 37. Qxa7 Rxg2 38. Qa8+ Kc7 39. Qa7+ Kd8 40. Qa5+ Kd7 41. Qa7+ Ke6 42. exd5+ Nxd5 43. Re1+ Re2 44. Qa5 Rxe1 45. Qxe1+ Qe5 46. Qg1 Rg7 47. Qc5 Qf4+ 48. Kb1 Qd2 49. Qxc6+ Ke5 50. Qe8+ Kf6 51. Qf8+ Rf7 52. Qd6+ Kg7 53. Qg3+ Kh7 54. Qd3+ Qxd3 55. cxd3 Rf1 56. Kc2 Nb4+ 57. Kd2 Nxa2 58. b3 Rh1 59. d4 Rxh4 60. Kd3 Nc1+ 61. Kc2 Ne2 62. d5 Nd4+ 63. Kc3 Nb5+ 64. Kc2 Kg6 65. Ne3 Kf6 66. Nc4 Rd4 67. d6 0-1

[Event "Universiad Men 27th"]
[Site "Kazan"]
[Date "2013.07.10"]
[Round "3"]
[White "Meskovs, Nikita"]
[Black "Abrantes, Persson"]
[Result "1-0"]
[WhiteElo "2372"]
[BlackElo "2017"]
[PlyCount "69"]
[EventDate "2013.07.09"]
[EventType "swiss"]
[EventRounds "9"]
[EventCountry "RUS"]
[SourceTitle "EXT 2014"]
[Source "ChessBase"]
[SourceDate "2013.11.20"]
[SourceVersion "1"]
[SourceVersionDate "2013.11.20"]
[SourceQuality "1"]

1. d4 Nf6 2. c4 g6 3. Nc3 Bg7 4. e4 d6 5. Nf3 Bg4 6. Be2 Nbd7 7. h3 Bxf3 8. Bxf3 c6 9. 0-0 0-0 10. Be3 Rc8 11. Qd2 Re8 12. Rad1 Qc7 13. g3 Rcd8 14. Bg2 e5 15. d5 c5 16. b4 a6 17. Rb1 b6 18. b5 a5 19. Rbd1 Nh5 20. Bf3 Nhf6 21. Rde1 h5 22. Bd1 Kh7 23. Kg2 Re7 24. Bg5 Rh8 25. f4 Rhe8 26. f5 Rh8 27. Rf2 Ree8 28. Ref1 Ref8 29. g4 Kg8 30. Qe3 hxg4 31. hxg4 Nxg4 32. Bxg4 f6 33. fxg6 Re8 34. Be6+ Kf8 35. Qg3 1-0

[Event "Universiad Men 27th"]
[Site "Kazan"]
[Date "2013.07.09"]
[Round "1"]
[White "Anton, Teodor"]
[Black "Abrantes, Persson"]
[Result "1-0"]
[WhiteElo "2438"]
[BlackElo "2017"]
[PlyCount "171"]
[EventDate "2013.07.09"]
[EventType "swiss"]
[EventRounds "9"]
[EventCountry "RUS"]
[SourceTitle "EXT 2014"]
[Source "ChessBase"]
[SourceDate "2013.11.20"]
[SourceVersion "1"]
[SourceVersionDate "2013.11.20"]
[SourceQuality "1"]

1. Nf3 Nf6 2. c4 g6 3. d4 Bg7 4. g3 0-0 5. Bg2 d6 6. 0-0 Bg4 7. h3 Bd7 8. Nc3 Nc6 9. d5 Na5 10. Nd2 c5 11. Qc2 Rb8 12. b3 Qc8 13. Kh2 b5 14. Bb2 bxc4 15. bxc4 Qa6 16. Nd1 Rb4 17. Bc3 Ba4 18. Qc1 Rb6 19. Qa3 Nb7 20. Rb1 Rb8 21. Kg1 Bxd1 22. Qxa6 Rxa6 23. Rfxd1 Rxa2 24. Ra1 Rxa1 25. Rxa1 a5 26. Be4 Nd7 27. Bxg7 Kxg7 28. Bc2 Nb6 29. Rb1 Nd8 30. Ba4 f5 31. f4 Nf7 32. Kf2 Kf6 33. Bc6 h6 34. Rb5 a4 35. Rb1 e6 36. Bxa4 exd5 37. cxd5 Ra8 38. Bc6 Ra2 39. Ke1 Na4 40. Rb3 Nb2 41. Bb5 g5 42. Be8 c4 43. Rb7 Nd8 44. Rc7 Ra1+ 45. Kf2 Nd1+ 46. Kg2 c3 47. Nb3 Rb1 48. Nd4 Ne3+ 49. Kf2 gxf4 50. gxf4 Nxd5 51. Rd7 Nxf4 52. Rxd8 Ke5 53. Nf3+ Ke6 54. Rc8 Rb2 55. Rxc3 Rxe2+ 56. Kg3 Re4 57. Ra3 Kf6 58. Bc6 Rc4 59. Bb5 Nh5+ 60. Kf2 Rc2+ 61. Ke3 Rb2 62. Bd3 f4+ 63. Ke4 Ke6 64. Nd4+ Kf6 65. Ra5 Ng7 66. Kxf4 Rh2 67. Kg3 Rd2 68. Ra3 Nh5+ 69. Kg4 Ng7 70. Kf3 Ke5 71. Ke3 Rd1 72. Ra5+ Kf6 73. Nf3 Rh1 74. h4 Rc1 75. Ra4 Ne6 76. Rg4 Nf8 77. Rf4+ Ke7 78. Nd4 Nd7 79. Nf5+ Ke6 80. Nxh6 Ne5 81. Ng4 Nxd3 82. Kxd3 Rh1 83. Nf2 Rh2 84. Ke3 d5 85. Kf3 Ke5 86. Ng4+ 1-0

[Event "Olympiad-40"]
[Site "Istanbul"]
[Date "2012.08.29"]
[Round "2.3"]
[White "Abrantes, Persson"]
[Black "Cecchetti, Roberto"]
[Result "1-0"]
[WhiteElo "1967"]
[BlackElo "1910"]
[PlyCount "61"]
[EventDate "2012.08.28"]
[EventType "team-swiss"]
[EventRounds "11"]
[EventCountry "TUR"]
[SourceTitle "CBM 151"]
[Source "ChessBase"]
[SourceDate "2012.11.13"]
[SourceVersion "1"]
[SourceVersionDate "2012.11.13"]
[SourceQuality "1"]
[WhiteTeam "Mozambique"]
[BlackTeam "San Marino"]
[WhiteTeamCountry "MOZ"]
[BlackTeamCountry "SMR"]

1. d4 d5 2. c4 e6 3. Nc3 Nf6 4. Bg5 c6 5. e3 Nbd7 6. Bd3 Qa5 7. Bxf6 Nxf6 8. a3 dxc4 9. Bxc4 Qg5 10. g3 h5 11. Nf3 Qa5 12. b4 Qd8 13. e4 b5 14. Ba2 a5 15. Qb3 axb4 16. axb4 Qe7 17. Rb1 Nd7 18. 0-0 Bb7 19. d5 e5 20. d6 Qf6 21. Nh4 Bxd6 22. Nf5 Bc7 23. Rfd1 Nb6 24. Rd6 Bxd6 25. Nxd6+ Ke7 26. Nxb7 Nc4 27. Qd1 h4 28. Bxc4 hxg3 29. fxg3 bxc4 30. b5 cxb5 31. Nd5+ 1-0

[Event "Africa-ch"]
[Site "Antananarivo"]
[Date "2012.05.11"]
[Round "1"]
[White "Abrantes, Persson"]
[Black "Ranaivoharisoa, Alain"]
[Result "0-1"]
[WhiteElo "1995"]
[BlackElo "2159"]
[PlyCount "90"]
[EventDate "2012.05.11"]
[EventType "tourn"]
[EventRounds "9"]
[EventCountry "MAD"]
[SourceTitle "CBM 148 Extra"]
[Source "ChessBase"]
[SourceDate "2012.06.22"]
[SourceVersion "1"]
[SourceVersionDate "2012.06.22"]
[SourceQuality "1"]

1. d4 d5 2. c4 c6 3. Nc3 Nf6 4. e3 Bf5 5. Nf3 e6 6. cxd5 exd5 7. a3 Bd6 8. Bd3 Bg6 9. 0-0 0-0 10. Qc2 Re8 11. Re1 Bxd3 12. Qxd3 Ne4 13. b4 a6 14. Bb2 Nd7 15. Na4 b5 16. Nc5 Nb6 17. Nb7 Qe7 18. Nxd6 Qxd6 19. Nd2 Nxd2 20. Qxd2 Re6 21. Qd3 Rae8 22. Bc3 Qe7 23. Ra2 g6 24. Rae2 f5 25. f3 Qh4 26. g3 Qe7 27. Kf2 Nc4 28. Bd2 Qf8 29. Kg2 Qf7 30. Bc1 g5 31. h3 Nd6 32. g4 Rf6 33. Rf1 fxg4 34. hxg4 Rf8 35. Ref2 Ne4 36. Qc2 Nxf2 37. Qxf2 Qg6 38. Qe2 h5 39. Kg3 hxg4 40. f4 gxf4+ 41. exf4 Qf5 42. Qe5 Qd3+ 43. Kg2 Qh3+ 44. Kf2 g3+ 45. Ke1 Re6 0-1

[Event "African Games op 10th"]
[Site "Maputo"]
[Date "2011.09.07"]
[Round "3.2"]
[White "Abrantes, Persson"]
[Black "El Gindy, Essam"]
[Result "0-1"]
[WhiteElo "2026"]
[BlackElo "2504"]
[PlyCount "116"]
[EventDate "2011.09.05"]
[EventType "team-swiss"]
[EventRounds "9"]
[EventCountry "MOZ"]
[SourceTitle "CBM 144 Extra"]
[Source "ChessBase"]
[SourceDate "2011.10.28"]
[SourceVersion "1"]
[SourceVersionDate "2011.10.28"]
[SourceQuality "1"]
[WhiteTeam "Mozambique"]
[BlackTeam "Egypt"]
[WhiteTeamCountry "MOZ"]
[BlackTeamCountry "EGY"]

1. d4 Nf6 2. c4 e6 3. Nc3 Bb4 4. Qc2 0-0 5. Bg5 c5 6. dxc5 Na6 7. a3 Bxc3+ 8. Qxc3 Nxc5 9. Bxf6 Qxf6 10. Qxf6 gxf6 11. b4 Na4 12. e4 a5 13. Kd2 b6 14. Ne2 Re8 15. Nf4 Kf8 16. Kc2 Bb7 17. Kb3 axb4 18. axb4 Nc5+ 19. Kb2 Rxa1 20. Kxa1 Nxe4 21. f3 Nd2 22. Be2 Nb3+ 23. Kb2 Nd4 24. Bd3 Nc6 25. Kc3 Ra8 26. Kb3 Nd4+ 27. Kb2 f5 28. Ra1 Rxa1 29. Kxa1 Nc6 30. b5 Ne5 31. Be2 Ke7 32. Kb2 d6 33. Kc3 Nd7 34. Nd3 e5 35. Nb4 Nc5 36. Bd1 h6 37. Bc2 Ke6 38. Nc6 f4 39. Bh7 Kd7 40. Bf5+ Ne6 41. Nb4 Kd8 42. Kd3 Nc5+ 43. Kc2 Ke7 44. Nc6+ Bxc6 45. bxc6 Kd8 46. Bh7 Kc7 47. Bg8 f6 48. Bd5 Na6 49. Kd3 Nb4+ 50. Ke4 Nxc6 51. Kf5 Ne7+ 52. Ke6 Nxd5 53. Kxd5 Kd7 54. g4 fxg3 55. hxg3 h5 56. Ke4 Ke6 57. f4 f5+ 58. Ke3 e4 0-1